000 01040nam0a2200325 4500
001 RU\NLR\ONL2\1139
005 20250613124130.0
010 _a5-7761-0856-X
_91000
035 _a(NLR Aleph) 009648745
090 _a9569588
_c9569588
100 _a20030326d2001 |||y0rusy50 ca
101 0 _atat
102 _aRU
105 _ay |||||||||
200 1 _aУлым, сина эйтэм...
_fТоз.-авт.Ж.Г.Зэйнуллин
210 _aКазан
_cМэгариф
_d2001
215 _a157,[2] б.
_d15
320 _aБиблиогр.:с.158
541 1 _aВнемли, сын мой!
_eСказания о священном Коране
_zrus
605 _aКоран
_91276425
_3RU\NLR\auth\66526004
686 1 _aЭ38-210.2
686 1 _aЮ727
702 1 _aЗэйнуллин
_bЖ. Г.
_gЖэмил Габделхак улы
_4220
801 0 _aRU
_bNLR
_c20030326
_gPSBO
852 _aNLR
_bОНЛ
_jТатар./1-1647
942 _cBOOK
980 _aNB
980 _aONL_RF